[Event "27th Budapest Spring Festival"]
[Site "Budapest, Hungary"]
[Date "2011.03.24"]
[Round "8"]
[White "Szajbely, Zsigmond"]
[Black "Grimm, Daniel"]
[Result "1/2-1/2"]
[WhiteElo "2074"]
[BlackElo "1997"]
[PlyCount "103"]
[EventDate "2011.??.??"]

1. e4 d5 2. exd5 Nf6 3. c4 e6 4. dxe6 Bxe6 5. Nf3 Nc6 6. d4 Bb4+ 7. Nc3 Bg4 8.
Be2 Bxf3 9. Bxf3 Nxd4 10. Bxb7 Qe7+ 11. Be3 Rd8 12. O-O c5 13. Bxd4 Rxd4 14.
Bc6+ Kf8 15. Qb3 g6 16. Nd5 Nxd5 17. Bxd5 Kg7 18. a3 Ba5 19. Qa4 Bc7 20. g3 Be5
21. Qc2 Rb8 22. Rab1 Qc7 23. Rfe1 Bf6 24. Qe2 a5 25. b3 Qd6 26. Qf3 Rd2 27.
Rbd1 Rxd1 28. Rxd1 Qe5 29. Kg2 Qb2 30. Rd3 Rf8 31. a4 Bd4 32. Qf4 Be5 33. Qh4
Bf6 34. Qg4 Rd8 35. Rf3 Qe5 36. Re3 Qd6 37. Qe2 Qd7 38. Qe1 Qc7 39. Re8 Rxe8
40. Qxe8 Bc3 41. f4 Bf6 42. Kf3 Bc3 43. g4 Bf6 44. g5 Bd4 45. h4 Bg1 46. h5
gxh5 47. f5 Bh2 48. f6+ Kg6 49. Qg8+ Kf5 50. Be4+ Ke5 51. Qxh7 Kd4 52. Bd5
1/2-1/2

[Event "27th Budapest Spring Festival"]
[Site "Budapest, Hungary"]
[Date "2011.03.24"]
[Round "8"]
[White "Farkas, Richard"]
[Black "Meixner, Ferenc"]
[Result "1/2-1/2"]
[WhiteElo "2001"]
[BlackElo "2072"]
[PlyCount "84"]
[EventDate "2011.??.??"]

1. d4 c5 2. c3 Nf6 3. Bf4 d5 4. e3 Qb6 5. Qc2 Nc6 6. dxc5 Qxc5 7. Nf3 g6 8. Bd3
Bg7 9. Nbd2 O-O 10. O-O Bg4 11. h3 Bxf3 12. Nxf3 Rac8 13. Rac1 Rfd8 14. Rfd1
Qb6 15. Qb3 Nd7 16. Qxb6 Nxb6 17. Bg5 f6 18. Bh4 Nc4 19. Bxc4 dxc4 20. Nd4 Nxd4
21. exd4 Rd5 22. Re1 Kf7 23. Re2 Rc6 24. Rce1 Bf8 25. Bg3 Ra5 26. a3 Rb5 27.
Bf4 Rd5 28. g4 b5 29. Bd2 e6 30. h4 h5 31. g5 Be7 32. f4 a5 33. Ra1 Rf5 34. Kg2
Bd6 35. Rf2 Ke7 36. a4 b4 37. Rb1 b3 38. Re1 Kd7 39. Re4 Ra6 40. Rfe2 Bf8 41.
Kg3 Bd6 42. Kg2 Bc7 1/2-1/2

[Event "27th Budapest Spring Festival"]
[Site "Budapest, Hungary"]
[Date "2011.03.24"]
[Round "8"]
[White "Letay, Gyula"]
[Black "Kiss, Peter"]
[Result "0-1"]
[WhiteElo "2063"]
[BlackElo "1902"]
[PlyCount "94"]
[EventDate "2011.??.??"]

1. e4 c5 2. Nc3 d6 3. g3 Nc6 4. Bg2 g6 5. d3 Bg7 6. Be3 e6 7. Nge2 Nge7 8. Qd2
O-O 9. Bh6 d5 10. Bxg7 Kxg7 11. exd5 exd5 12. d4 c4 13. O-O Be6 14. b3 cxb3 15.
axb3 Qd7 16. Nf4 Rac8 17. Nce2 Bg4 18. f3 Bf5 19. g4 Be6 20. Rae1 Nd8 21. Nd3
Qc7 22. c3 Rh8 23. Nc5 b6 24. Nxe6+ Nxe6 25. f4 h5 26. f5 hxg4 27. f6+ Kg8 28.
fxe7 Qxh2+ 29. Kf2 Rh3 30. Ra1 Rf3+ 31. Ke1 Qxg2 32. Rg1 Qf2+ 33. Kd1 Nf4 34.
Kc2 Nxe2 35. Rae1 Nxd4+ 36. Kd1 Qxd2+ 37. Kxd2 Ne6 38. Rxg4 Rf2+ 39. Ke3 Rc2
40. c4 dxc4 41. bxc4 Re8 42. Kd3 Ra2 43. Rh1 Rxe7 44. Rgh4 Nc5+ 45. Kd4 Rd2+
46. Kc3 Rd3+ 47. Kb4 Rb3# 0-1

[Event "27th Budapest Spring Festival"]
[Site "Budapest, Hungary"]
[Date "2011.03.24"]
[Round "8"]
[White "Schmitt, Carsten"]
[Black "Peczely, Sebastian Zsombor"]
[Result "1/2-1/2"]
[WhiteElo "1956"]
[BlackElo "1929"]
[PlyCount "52"]
[EventDate "2011.??.??"]

1. c4 e6 2. g3 d5 3. Bg2 Nf6 4. Nf3 c6 5. O-O Bd6 6. b3 O-O 7. Bb2 Nbd7 8. d4
Qc7 9. Nc3 dxc4 10. bxc4 b6 11. Rc1 Bb7 12. e3 a6 13. Qb3 c5 14. Rfd1 Rac8 15.
d5 e5 16. e4 Be7 17. Nh4 g6 18. Rf1 Ne8 19. Nf3 Bf6 20. Rb1 Nd6 21. Bc1 Rb8 22.
Be3 Bg7 23. Nd2 h6 24. f4 b5 25. cxb5 axb5 26. Bh3 Bc8 1/2-1/2

[Event "27th Budapest Spring Festival"]
[Site "Budapest, Hungary"]
[Date "2011.03.25"]
[Round "9"]
[White "Bach, Matthias"]
[Black "Juhasz, Kristof"]
[Result "1/2-1/2"]
[WhiteElo "2290"]
[BlackElo "2272"]
[PlyCount "22"]
[EventDate "2011.??.??"]

1. d4 Nf6 2. c4 e6 3. g3 Bb4+ 4. Bd2 Qe7 5. Bg2 Nc6 6. Nf3 Bxd2+ 7. Nbxd2 d6 8.
O-O O-O 9. e4 e5 10. d5 Nb8 11. Ne1 Bg4 1/2-1/2

[Event "27th Budapest Spring Festival"]
[Site "Budapest, Hungary"]
[Date "2011.03.25"]
[Round "9"]
[White "Toth, Ervin"]
[Black "Szalanczy, Emil"]
[Result "1/2-1/2"]
[WhiteElo "2424"]
[BlackElo "2269"]
[PlyCount "127"]
[EventDate "2011.??.??"]

1. d4 c5 2. d5 e6 3. c4 exd5 4. cxd5 d6 5. Nc3 g6 6. Nf3 Bg7 7. Bf4 Ne7 8. Qa4+
Nd7 9. Nd2 O-O 10. Qb3 Nf5 11. e3 Re8 12. Be2 Ne5 13. Nce4 h6 14. g4 Nh4 15.
Rg1 f5 16. gxf5 Bxf5 17. Bxe5 Rxe5 18. Ng3 b5 19. Nxf5 Rxf5 20. Bg4 Qa5 21.
Bxf5 Nf3+ 22. Ke2 Qxd2+ 23. Kxf3 Rf8 24. Raf1 Rxf5+ 25. Kg2 b4 26. Qc4 Qxb2 27.
Kh1 Kf7 28. f4 Qd2 29. Qe4 Qxd5 30. Qxd5+ Rxd5 31. Rd1 Rxd1 32. Rxd1 Bf8 33.
Kg2 Be7 34. Kf3 Kf6 35. e4 a5 36. Ke3 Ke6 37. Rg1 g5 38. f5+ Ke5 39. Rd1 h5 40.
Rd5+ Kf6 41. e5+ dxe5 42. Ke4 a4 43. Rxe5 Kf7 44. Kd5 a3 45. Re6 Bf6 46. Kc4 g4
47. Ra6 Kg7 48. Kxc5 h4 49. Kxb4 g3 50. hxg3 hxg3 51. Re6 g2 52. Re1 Bd4 53.
Kxa3 Kf6 54. Kb3 Kxf5 55. a4 Kf4 56. a5 Bf2 57. Rb1 Kf3 58. a6 Bc5 59. Rc1 Be3
60. Rb1 Bf2 61. Rc1 Be3 62. Rb1 Bf2 63. Ra1 Be3 64. Re1 1/2-1/2

[Event "27th Budapest Spring Festival"]
[Site "Budapest, Hungary"]
[Date "2011.03.25"]
[Round "9"]
[White "Lee, Kai Jie Edward"]
[Black "Kantor, Gergely"]
[Result "0-1"]
[WhiteElo "1913"]
[BlackElo "2147"]
[PlyCount "138"]
[EventDate "2011.??.??"]

1. e4 e6 2. d4 d5 3. Nc3 Nf6 4. e5 Nfd7 5. f4 c5 6. Nf3 Nc6 7. Be3 Be7 8. Qd2
O-O 9. O-O-O c4 10. g4 b5 11. f5 b4 12. Ne2 Qa5 13. Kb1 c3 14. Qe1 cxb2 15. Nf4
Ba6 16. Bxa6 Qxa6 17. Qf1 Qa5 18. Nh5 b3 19. cxb3 Nb4 20. a4 Rfc8 21. Ne1 Qc7
22. Bd2 Qb6 23. f6 gxf6 24. Nxf6+ Bxf6 25. exf6 Qxd4 26. Qf4 Qxf4 27. Bxf4 Nxf6
28. Kxb2 Ne4 29. Rf1 f6 30. Bd2 Nc6 31. h4 Rab8 32. Ka3 Nd4 33. b4 Nc2+ 34.
Nxc2 Rxc2 35. Be1 Rbc8 36. g5 f5 37. Rf3 Re2 38. b5 Rc4 39. a5 Nd6 40. Rb3 Ree4
41. b6 Ra4+ 42. Kb2 axb6 43. axb6 Ra8 44. Kc2 Rb8 45. Rdb1 Rc4+ 46. Kd3 e5 47.
Bb4 Rd4+ 48. Ke2 Re4+ 49. Kd3 Nc4 50. Bc5 Na5 51. Rb5 Nb7 52. Be7 Rd4+ 53. Ke3
f4+ 54. Kf3 Rd3+ 55. Ke2 e4 56. Rc1 f3+ 57. Kf2 d4 58. Re5 Rd2+ 59. Kg3 Rg2+
60. Kh3 e3 61. Rf5 d3 62. Bf6 Nd6 63. Rxf3 d2 64. Rd1 e2 65. Rxd2 e1=Q 66. Rxg2
Qh1+ 67. Kg3 Ne4+ 68. Kf4 Qxg2 69. Kxe4 Rxb6 0-1

[Event "27th Budapest Spring Festival"]
[Site "Budapest, Hungary"]
[Date "2011.03.25"]
[Round "9"]
[White "Horvath, David"]
[Black "Carlstedt, Jonathan"]
[Result "1-0"]
[WhiteElo "2309"]
[BlackElo "2386"]
[PlyCount "69"]
[EventDate "2011.??.??"]

1. d4 d5 2. c4 e6 3. Nf3 c5 4. g3 Nf6 5. Bg2 Be7 6. O-O O-O 7. dxc5 Bxc5 8. a3
Be7 9. cxd5 exd5 10. Nc3 Nc6 11. b4 Bf5 12. Bb2 d4 13. Nb5 d3 14. Nbd4 dxe2 15.
Qxe2 Nxd4 16. Nxd4 Bg4 17. Qb5 Rb8 18. Nf5 Bxf5 19. Qxf5 Qd7 20. Qxd7 Nxd7 21.
Rac1 Nb6 22. Be5 Rbd8 23. Bxb7 Rd3 24. Rc3 Rfd8 25. Rfc1 Bg5 26. Rxd3 Rxd3 27.
Ra1 Nc4 28. Ba6 Nxe5 29. Bxd3 Nxd3 30. Rd1 Nb2 31. Rd7 Kf8 32. Rxa7 Ke8 33. a4
Nc4 34. a5 Bd8 35. a6 1-0

[Event "27th Budapest Spring Festival"]
[Site "Budapest, Hungary"]
[Date "2011.03.25"]
[Round "9"]
[White "Medvegyne Balogh, Emese"]
[Black "Kahn, Evarth Dr"]
[Result "1/2-1/2"]
[WhiteElo "2095"]
[BlackElo "2253"]
[PlyCount "92"]
[EventDate "2011.??.??"]

1. e4 c5 2. Nc3 Nc6 3. g3 g6 4. Bg2 Bg7 5. d3 d6 6. Be3 e6 7. Qd2 Nd4 8. Nge2
Ne7 9. O-O O-O 10. Nd1 e5 11. c3 Nxe2+ 12. Qxe2 f5 13. f4 Nc6 14. Nf2 Be6 15.
Nh3 h6 16. fxe5 fxe4 17. Rxf8+ Bxf8 18. exd6 Qxd6 19. dxe4 g5 20. Rd1 Qe7 21.
b3 Ne5 22. Nf2 a5 23. h3 a4 24. c4 axb3 25. axb3 Qc7 26. g4 Bg7 27. Nd3 b6 28.
Bf2 Ra3 29. Nc1 Ng6 30. Qd2 Nf4 31. Be3 Be5 32. Rf1 Ra8 33. Rd1 Qh7 34. Bxf4
gxf4 35. Ne2 Rf8 36. Rf1 h5 37. g5 Qe7 38. h4 Rd8 39. Qc2 Qc7 40. Rd1 Bg4 41.
Rd3 Ra8 42. Bf3 Ra1+ 43. Kf2 Bh3 44. Rd1 Bg4 45. Rxa1 Bxa1 46. Qd2 Kg7 1/2-1/2

[Event "27th Budapest Spring Festival"]
[Site "Budapest, Hungary"]
[Date "2011.03.25"]
[Round "9"]
[White "Ngo Tan, Don"]
[Black "Lengyel, Bela"]
[Result "0-1"]
[WhiteElo "2141"]
[BlackElo "2296"]
[PlyCount "92"]
[EventDate "2011.??.??"]

1. Nf3 d5 2. d4 Nf6 3. g3 Bf5 4. Bg2 e6 5. O-O Be7 6. c4 c6 7. Qb3 Qc8 8. Nc3
O-O 9. Bf4 Nbd7 10. Rac1 Nb6 11. Nd2 Qd7 12. Rfd1 dxc4 13. Nxc4 Nxc4 14. Qxc4
Rfd8 15. h3 Nd5 16. e4 Nxf4 17. gxf4 Bg6 18. d5 cxd5 19. exd5 Rac8 20. Qe2 Bf5
21. Nb5 Bf6 22. Rxc8 Rxc8 23. Nd4 exd5 24. Nxf5 Qxf5 25. Qg4 Qxg4 26. hxg4 Rc4
27. g5 Be7 28. Rxd5 Rxf4 29. Rd7 Kf8 30. Rc7 Bxg5 31. Rxb7 Bh4 32. f3 Bf6 33.
Kf2 Bd4+ 34. Kg3 g5 35. Bh3 h5 36. Rb5 f6 37. Rb7 Be5 38. Kf2 g4 39. Bg2 h4 40.
Rh7 h3 41. Bh1 Rb4 42. fxg4 Rxb2+ 43. Kf3 Rh2 44. g5 Rxh1 45. Ke4 h2 46. Kf5
Rf1+ 0-1

[Event "27th Budapest Spring Festival"]
[Site "Budapest, Hungary"]
[Date "2011.03.25"]
[Round "9"]
[White "Somogyi, Istvan"]
[Black "Koczo, Kristof"]
[Result "0-1"]
[WhiteElo "2176"]
[BlackElo "2264"]
[PlyCount "56"]
[EventDate "2011.??.??"]

1. d4 d5 2. c4 dxc4 3. Nf3 c5 4. e3 cxd4 5. Bxc4 Qc7 6. Qb3 e6 7. O-O dxe3 8.
Bxe3 Nc6 9. Nc3 Na5 10. Qa4+ Bd7 11. Bb5 Nc6 12. Rac1 Nf6 13. Rfd1 Be7 14. Nd4
O-O 15. Nce2 Ng4 16. Bf4 Qb6 17. Bg3 Nxd4 18. Nxd4 Bxb5 19. Nxb5 f5 20. Rc2 Bc5
21. Qc4 Rac8 22. Nc7 Bxf2+ 23. Bxf2 Nxf2 24. Rxf2 Rxc7 25. Qe2 Rfc8 26. Re1 Rc1
27. Kf1 Rxe1+ 28. Qxe1 Qa6+ 0-1

[Event "27th Budapest Spring Festival"]
[Site "Budapest, Hungary"]
[Date "2011.03.25"]
[Round "9"]
[White "Tran, Tuan Minh"]
[Black "Teglas, Balazs"]
[Result "1/2-1/2"]
[WhiteElo "2295"]
[BlackElo "2202"]
[PlyCount "124"]
[EventDate "2011.??.??"]

1. d4 c5 2. d5 e6 3. e4 Nf6 4. Nc3 d6 5. Nf3 Be7 6. Bb5+ Bd7 7. dxe6 fxe6 8. e5
dxe5 9. Nxe5 Bxb5 10. Qxd8+ Bxd8 11. Nxb5 O-O 12. O-O a6 13. Nc3 Bc7 14. Re1
Nd5 15. Nd3 c4 16. Nc5 Bb6 17. N3e4 Nc6 18. Nd7 Ba5 19. c3 Rf7 20. Ndc5 b6 21.
Nxe6 Re7 22. Nf4 Nxc3 23. bxc3 Bxc3 24. Ba3 Rxe4 25. Rxe4 Bxa1 26. Rxc4 Rd8 27.
g3 Nd4 28. Kg2 Nb5 29. Be7 Re8 30. Bb4 a5 31. Bd2 Na3 32. Rc6 Bd4 33. Ne6 Bf6
34. Bc1 Nc4 35. Nc7 Re4 36. Bf4 Ne5 37. Rxb6 Ra4 38. Nd5 Rxa2 39. Rxf6 gxf6 40.
Nxf6+ Kf7 41. Bxe5 Ke6 42. Bc3 Rc2 43. Ne4 Kd5 44. Nf6+ Ke6 45. Ne4 Kd5 46. Kf3
a4 47. Ke3 Kc4 48. Be5 a3 49. Nd2+ Kd5 50. f4 Rc1 51. h3 Rh1 52. h4 h5 53. Kf3
a2 54. Ne4 Rf1+ 55. Ke2 a1=Q 56. Bxa1 Rxa1 57. Nf6+ Ke6 58. Nxh5 Kf5 59. Kf3
Ra3+ 60. Kg2 Ra2+ 61. Kf3 Ra3+ 62. Kg2 Ra2+ 1/2-1/2

[Event "27th Budapest Spring Festival"]
[Site "Budapest, Hungary"]
[Date "2011.03.25"]
[Round "9"]
[White "Kabai, Zsuzsanna"]
[Black "Tran, Minh Thang"]
[Result "1/2-1/2"]
[WhiteElo "2148"]
[BlackElo "2077"]
[PlyCount "29"]
[EventDate "2011.??.??"]

1. d4 e6 2. c4 f5 3. g3 Nf6 4. Bg2 c6 5. Nf3 d5 6. O-O Bd6 7. b3 Qe7 8. Bb2 a5
9. Nc3 Nbd7 10. Rc1 O-O 11. e3 Ne4 12. Ne2 b5 13. Ne5 Bxe5 14. dxe5 bxc4 15.
bxc4 (15. f3) 1/2-1/2

[Event "27th Budapest Spring Festival"]
[Site "Budapest, Hungary"]
[Date "2011.03.25"]
[Round "9"]
[White "Kiss, Peter"]
[Black "Bea, Boglarka"]
[Result "1/2-1/2"]
[WhiteElo "1902"]
[BlackElo "2109"]
[PlyCount "38"]
[EventDate "2011.??.??"]

1. d4 Nf6 2. c4 g6 3. Nc3 d5 4. cxd5 Nxd5 5. e4 Nxc3 6. bxc3 Bg7 7. Nf3 c5 8.
Bb5+ Nd7 9. O-O O-O 10. Be3 Qc7 11. Rc1 Rd8 12. Qb3 Nf6 13. Ng5 e6 14. e5 Nd5
15. Ne4 b6 16. Bg5 Rf8 17. Rfd1 Ne7 18. Nd6 a6 19. Be2 b5 1/2-1/2

[Event "27th Budapest Spring Festival"]
[Site "Budapest, Hungary"]
[Date "2011.03.25"]
[Round "9"]
[White "Halak, Miklos"]
[Black "Juhasz, Armin"]
[Result "0-1"]
[WhiteElo "2062"]
[BlackElo "2037"]
[PlyCount "68"]
[EventDate "2011.??.??"]

1. e4 c5 2. Nf3 g6 3. b3 Bg7 4. c3 d5 5. exd5 Nf6 6. Bb5+ Bd7 7. Qe2 O-O 8. Bc4
Bf5 9. O-O Nxd5 10. Bxd5 Qxd5 11. d4 Bg4 12. dxc5 Qxc5 13. h3 Bxf3 14. Qxf3 Nc6
15. Ba3 Qa5 16. Rc1 Rad8 17. Qe3 Rfe8 18. Bb2 Ne5 19. Na3 Rd3 20. Qe2 Red8 21.
Rd1 Qa6 22. c4 Rxd1+ 23. Rxd1 Rxd1+ 24. Qxd1 Nf3+ 25. Qxf3 Bxb2 26. Nc2 Qxa2
27. Nb4 Qb1+ 28. Kh2 Be5+ 29. g3 Qf5 30. Qe3 Bd6 31. Nd5 e6 32. Nf4 Bxf4 33.
gxf4 b6 34. b4 Qc2 0-1

[Event "27th Budapest Spring Festival"]
[Site "Budapest, Hungary"]
[Date "2011.03.25"]
[Round "9"]
[White "Werner, Dimo"]
[Black "Varga, Melinda"]
[Result "1/2-1/2"]
[WhiteElo "2272"]
[BlackElo "2031"]
[PlyCount "64"]
[EventDate "2011.??.??"]

1. d4 d5 2. Nf3 Nf6 3. c4 c6 4. e3 e6 5. b3 Bb4+ 6. Bd2 Bd6 7. Nc3 Nbd7 8. Qc2
O-O 9. Be2 e5 10. dxe5 Nxe5 11. Nxe5 Bxe5 12. O-O Ne4 13. Rad1 Nxd2 14. Rxd2
Qf6 15. Rc1 d4 16. exd4 Bf4 17. Rcd1 Bxd2 18. Qxd2 Bf5 19. Bf3 Rad8 20. Qf4 g5
21. Ne4 gxf4 22. Nxf6+ Kh8 23. h3 Bg6 24. Nh5 Bxh5 25. Bxh5 Kg7 26. Bf3 Rd6 27.
d5 cxd5 28. Bxd5 Re8 29. Rd4 Re1+ 30. Kh2 f3 31. Rg4+ Kf8 32. Bxf3 b6 1/2-1/2

[Event "27th Budapest Spring Festival"]
[Site "Budapest, Hungary"]
[Date "2011.03.25"]
[Round "9"]
[White "Frih, Ameur"]
[Black "Heyl, Thomas"]
[Result "1-0"]
[WhiteElo "2095"]
[BlackElo "2050"]
[PlyCount "105"]
[EventDate "2011.??.??"]

1. e4 c5 2. Nf3 e6 3. d3 d5 4. Nbd2 Nc6 5. g3 Nf6 6. Bg2 dxe4 7. dxe4 e5 8. O-O
Be7 9. c3 a6 10. a4 Bg4 11. Qe2 O-O 12. h3 Bh5 13. Rd1 Qc7 14. Nf1 Rfd8 15. Bg5
Ne8 16. Bxe7 Nxe7 17. Ne3 Nf6 18. Qc4 b5 19. Rxd8+ Rxd8 20. axb5 axb5 21. Qxb5
Nxe4 22. Qa5 Qxa5 23. Rxa5 f6 24. Nh4 Nd2 25. Rxc5 g5 26. g4 Bg6 27. Nxg6 Nxg6
28. Nd5 Rd6 29. Rc8+ Kg7 30. Rc7+ Kg8 31. c4 e4 32. Rc8+ Kf7 33. Nc3 Nf4 34.
Nxe4 Nxe4 35. Bxe4 Nxh3+ 36. Kg2 Nf4+ 37. Kf3 Nd3 38. Rc7+ Kf8 39. c5 Ne5+ 40.
Kg3 Rd4 41. f3 Ke8 42. Rb7 Rc4 43. b4 Kd8 44. Bxh7 Kc8 45. Rb6 Rf4 46. Be4 Kc7
47. Rb7+ Kc8 48. Rh7 Nxg4 49. Bb7+ Kb8 50. fxg4 Rxb4 51. Bd5 Rb5 52. Rh8+ Kc7
53. Be6 1-0

[Event "27th Budapest Spring Festival"]
[Site "Budapest, Hungary"]
[Date "2011.03.25"]
[Round "9"]
[White "Peczely, Sebastian Zsombor"]
[Black "Szajbely, Zsigmond"]
[Result "1/2-1/2"]
[WhiteElo "1929"]
[BlackElo "2074"]
[PlyCount "105"]
[EventDate "2011.??.??"]

1. e4 c5 2. Nf3 d6 3. d4 cxd4 4. Nxd4 Nf6 5. Nc3 g6 6. Be3 Bg7 7. f3 O-O 8. Qd2
Nc6 9. O-O-O d5 10. Kb1 Nxd4 11. e5 Nf5 12. exf6 exf6 13. Nxd5 Nxe3 14. Qxe3
Be6 15. Bc4 f5 16. Qc5 b6 17. Qa3 Re8 18. Bb5 Bxd5 19. Bxe8 Qxe8 20. Rxd5 Qe2
21. Rhd1 Bf6 22. Qd6 Rd8 23. Qxd8+ Bxd8 24. Rxd8+ Kg7 25. R8d2 Qe5 26. g3 f4
27. g4 Qe3 28. Rd3 Qf2 29. a3 Qxh2 30. Rd7 Qe2 31. R1d3 h5 32. gxh5 gxh5 33.
R7d5 h4 34. Rg5+ Kf8 35. Rd8+ Ke7 36. Rh8 h3 37. Rgh5 Qxf3 38. Rxh3 Qf1+ 39.
Ka2 f3 40. R8h4 f2 41. Rf3 Qe2 42. Rhf4 Qxc2 43. Rxf2 Qg6 44. Rxf7+ Qxf7+ 45.
Rxf7+ Kxf7 46. Kb3 Ke6 47. Kc4 a6 48. Kd4 Kd6 49. a4 a5 50. Kc4 Kc6 51. b3 b5+
52. axb5+ Kb6 53. b4 1/2-1/2

[Event "27th Budapest Spring Festival"]
[Site "Budapest, Hungary"]
[Date "2011.03.25"]
[Round "9"]
[White "Grimm, Daniel"]
[Black "Zala, Gyula"]
[Result "1-0"]
[WhiteElo "1997"]
[BlackElo "2074"]
[PlyCount "53"]
[EventDate "2011.??.??"]

1. e4 e5 2. Nf3 d5 3. Nxe5 Qe7 4. d4 f6 5. Nd3 dxe4 6. Nf4 g5 7. Nd5 Qg7 8.
Nbc3 c6 9. Ne3 Bb4 10. Bd2 f5 11. Nxe4 Bxd2+ 12. Nxd2 h5 13. c3 b5 14. Bd3 Ne7
15. Qe2 Kd8 16. O-O-O f4 17. Nc2 Bg4 18. f3 Bd7 19. Rhe1 Re8 20. Ne4 Nf5 21.
Qd2 b4 22. Nc5 Ne3 23. Nxe3 bxc3 24. bxc3 fxe3 25. Rxe3 a5 26. Rde1 Rxe3 27.
Qxe3 1-0

[Event "27th Budapest Spring Festival"]
[Site "Budapest, Hungary"]
[Date "2011.03.25"]
[Round "9"]
[White "Havaskori, Laszlo"]
[Black "Farkas, Richard"]
[Result "0-1"]
[WhiteElo "2106"]
[BlackElo "2001"]
[PlyCount "134"]
[EventDate "2011.??.??"]

1. d4 d5 2. Nf3 Nf6 3. c4 c6 4. e3 Bf5 5. Nc3 e6 6. a3 Nbd7 7. Qb3 Qc7 8. Nh4
Bg4 9. f4 Be7 10. Nf3 Bf5 11. Be2 Qb6 12. Qxb6 axb6 13. Bd2 dxc4 14. Bxc4 b5
15. Ba2 b4 16. axb4 Bxb4 17. O-O O-O 18. Rfe1 Bxc3 19. Bxc3 Ne4 20. Bb3 Nb6 21.
Nd2 Nd5 22. Nxe4 Bxe4 23. Kf2 Rfe8 24. Bd2 Nf6 25. h3 Bd5 26. Bc2 Be4 27. Bb3
Bd3 28. Bc3 Be4 29. g4 Bd5 30. Bc2 Ne4+ 31. Bxe4 Bxe4 32. h4 f5 33. gxf5 exf5
34. d5 Bxd5 35. Rad1 Re7 36. Rg1 b6 37. Rg3 Rf7 38. Rdg1 Raa7 39. Bd4 c5 40.
Be5 b5 41. Rd1 Rad7 42. Rc1 c4 43. Bd4 Be4 44. h5 Rd6 45. Rcg1 Rdd7 46. Ra1 Rc7
47. h6 g6 48. Rgg1 Rfd7 49. Rgc1 Kf7 50. Ra5 Bc6 51. Ke1 Ke6 52. Kd2 Kd5 53.
Ke2 Ke6 54. Ra6 Kf7 55. Kd2 Be4 56. Kc3 Rb7 57. Kb4 Rbc7 58. Rc3 Bd5 59. Rca3
c3 60. bxc3 Rc4+ 61. Kxb5 Rcc7 62. Rb6 Rb7 63. Rxb7 Rxb7+ 64. Kc5 Rd7 65. Ra6
Be4 66. Rf6+ Ke7 67. Rb6 Rc7+ 0-1

[Event "27th Budapest Spring Festival"]
[Site "Budapest, Hungary"]
[Date "2011.03.25"]
[Round "9"]
[White "Eidner, Falk"]
[Black "Juracsik, Jozsef"]
[Result "1-0"]
[WhiteElo "2035"]
[BlackElo "2228"]
[PlyCount "91"]
[EventDate "2011.??.??"]

1. e4 c5 2. Nf3 d6 3. d4 cxd4 4. Nxd4 Nf6 5. Nc3 a6 6. f3 e5 7. Nb3 Be6 8. Be3
Nbd7 9. g4 h6 10. Qd2 b5 11. O-O-O Be7 12. Kb1 Nb6 13. Qf2 Nfd7 14. Nd5 Bxd5
15. exd5 Qc7 16. h4 Nc4 17. Bxc4 bxc4 18. Nc1 Rb8 19. Ne2 Nf6 20. Bc1 Qb7 21.
Nc3 g6 22. Qe2 Qb4 23. Ka1 h5 24. a3 Qc5 25. Be3 Qc8 26. g5 Nd7 27. Ne4 Qb7 28.
c3 O-O 29. Rh2 Qc7 30. Rf2 Rb5 31. f4 Rfb8 32. Qf3 Qb7 33. Rb1 Qxd5 34. f5 gxf5
35. Qxf5 Qe6 36. Qf3 Nf8 37. Qxh5 Ng6 38. Qh6 Bf8 39. Qh5 Bg7 40. Nf6+ Kf8 41.
Qh7 Ne7 42. h5 Nc6 43. Qg8+ Ke7 44. Qxg7 Na5 45. g6 Nb3+ 46. Ka2 1-0

[Event "27th Budapest Spring Festival"]
[Site "Budapest, Hungary"]
[Date "2011.03.25"]
[Round "9"]
[White "Chen, Yang"]
[Black "Mester, Attila"]
[Result "1/2-1/2"]
[WhiteElo "2033"]
[BlackElo "2107"]
[PlyCount "38"]
[EventDate "2011.??.??"]

1. e4 c5 2. Nf3 e6 3. d4 cxd4 4. Nxd4 Nf6 5. Nc3 d6 6. Bc4 Nc6 7. Be3 a6 8. Bb3
Be7 9. O-O O-O 10. Qf3 Qc7 11. Rad1 Ne5 12. Qe2 b5 13. a4 b4 14. Na2 Nxe4 15.
f4 Nc6 16. Nxc6 Qxc6 17. Nxb4 Qb7 18. Nd5 Nf6 19. Nxf6+ Bxf6 1/2-1/2

[Event "27th Budapest Spring Festival"]
[Site "Budapest, Hungary"]
[Date "2011.03.25"]
[Round "9"]
[White "Hradeczky, Tamas"]
[Black "Schmitt, Carsten"]
[Result "1/2-1/2"]
[WhiteElo "2260"]
[BlackElo "1956"]
[PlyCount "56"]
[EventDate "2011.??.??"]

1. d4 d5 2. Nf3 e6 3. c4 c6 4. g3 Nf6 5. Bg2 Bd6 6. Nc3 Nbd7 7. Qc2 O-O 8. O-O
Re8 9. Bg5 h6 10. Bxf6 Nxf6 11. e4 Nxe4 12. Nxe4 dxe4 13. Qxe4 c5 14. Rfd1 Qc7
15. dxc5 Bxc5 16. Ne5 Rd8 17. Rxd8+ Qxd8 18. Qf3 Qc7 19. Qe4 Rb8 20. Nd3 Be7
21. c5 Bf6 22. Qa4 a6 23. Qe8+ Kh7 24. Be4+ g6 25. Nf4 Qe7 26. Bxg6+ Kg7 27.
Qxe7 Bxe7 28. Be4 Bxc5 1/2-1/2